Normal view
MARC view
Entry Topical Term
001 - CONTROL NUMBER
- control field: 14344
003 - CONTROL NUMBER IDENTIFIER
- control field: BD-RjUL
005 - DATE AND TIME OF LATEST TRANSACTION
- control field: 20241120145829.0
008 - FIXED-LENGTH DATA ELEMENTS
- fixed length control field: 241120|| aca||aabn | a|a d
040 ## - CATALOGING SOURCE
- Original cataloging agency: BD-RjUL
- Transcribing agency: BD-RjUL
150 ## - HEADING--TOPICAL TERM
- Topical term or geographic name entry element: Rhetoric Drama
670 ## - SOURCE DATA FOUND
- Source citation: Work cat.: (BD-RjUL)84334: বন্দ্যোপাধ্যায়, জীবন 14343, আধুনিক বিশ্বনাট্য প্রতিভা /, ১৯৬৯